00490 a2200181 450000100060000002000150000604000240002110000190004524000310006424500260009530000070012136200090012844000120013765000310014994200070018095201040018799900170029169384 a8516022994 cAnchieta - Itaigara aBlundell, Tony10aCuidado com o menino!lpor10aCuidado com o menino! a320 a1999 1aModerna 4aLiteratura infanto-juvenil cBK 00104070a88.1b88.1d2023-11-21l0o028.5 BLU CUIp1646/ITAr2023-11-21 20:03:55w2023-11-21yBK c69384d69384